The farmer & the cranes : and other stories

Bibliographic Details
Corporate Author: Editorial Board
Format: Book
Published: Selangor : EduQuest publisher , 2005
Series:Aesop's fables
Subjects:

MARC

LEADER 00000cam a2200000 7i4500
001 0000005172
005 20220105104009.0
008 070802
020 |a 9832747600 
020 |a 9832747694(set) 
090 0 0 |a JP   |b ENG (4422) 
245 0 4 |a The farmer & the cranes :   |b and other stories   |c Editorial Board 
260 |a Selangor :   |b EduQuest publisher ,   |c 2005 
440 0 |a Aesop's fables 
500 |a Children age 4-6 years old (yellow) 
650 0 |a Junior preschool   |x English   |x Languages 
710 0 |a Editorial Board 
999 |a 0000976782   |b Book   |c Children Collection   |e Perbadanan Perpustakaan Awam Johor 
999 |a 0000976783   |b Book   |c Children Collection   |e Perbadanan Perpustakaan Awam Johor 
999 |a 0000976784   |b Book   |c Children Collection   |e Cawangan Sri Merlong 
999 |a 0000976788   |b Book   |c Children Collection   |e Cawangan Segamat 
999 |a 0001151131   |b Book   |c Children Collection   |e Cawangan Taman Universiti 
999 |a 0001151132   |b Book   |c Children Collection   |e Cawangan Segamat